Operations research : (Record no. 344830)
[ view plain ]
| 000 -LEADER | |
|---|---|
| fixed length control field | 01383 a2200229 4500 |
| 020 ## - INTERNATIONAL STANDARD BOOK NUMBER | |
| International Standard Book Number | 0132729156 |
| 020 ## - INTERNATIONAL STANDARD BOOK NUMBER | |
| International Standard Book Number | 9780132729154 |
| 082 04 - DEWEY DECIMAL CLASSIFICATION NUMBER | |
| Classification number | 003 |
| 090 ## - LOCALLY ASSIGNED LC-TYPE CALL NUMBER (OCLC); LOCAL CALL NUMBER (RLIN) | |
| -- | 2329 |
| -- | 2329 |
| 100 1# - MAIN ENTRY--PERSONAL NAME | |
| Personal name | Taha, Hamdy A. |
| 245 10 - TITLE STATEMENT | |
| Title | Operations research : |
| Remainder of title | an introduction / |
| Statement of responsibility, etc. | Hamdy A. Taha. |
| 250 ## - EDITION STATEMENT | |
| Edition statement | 6 Har/Dis ed. |
| 260 ## - PUBLICATION, DISTRIBUTION, ETC. | |
| Place of publication, distribution, etc. | [S.l.] : |
| Name of publisher, distributor, etc. | Prentice Hall, |
| Date of publication, distribution, etc. | 1996. |
| 300 ## - PHYSICAL DESCRIPTION | |
| Extent | 916 p. ; |
| Dimensions | 25 cm. |
| 490 1# - SERIES STATEMENT | |
| Series statement | 6th edition. |
| 500 ## - GENERAL NOTE | |
| General note | Hardcover. |
| 520 ## - SUMMARY, ETC. | |
| Summary, etc. | Appropriate for a variety of junior and senior undergraduate and first year graduate courses in operations research. Among these courses are Industrial Engineering, Business Administration, Statistics, Computer Science, and Mathematics. Major revision is designed to meet the needs of beginning through advanced students with an emphasis placed on the formulation and applications aspects. Provides balanced coverage of theory, applications and computations of operations research techniques. Numerical examples are main vehicle for explaining new ideas with each numeric example followed by a set of problems. TORA and SIMNET software included in text. More than 1,000 problems. |
| 830 #0 - SERIES ADDED ENTRY--UNIFORM TITLE | |
| Uniform title | 6th edition. |
| 856 40 - ELECTRONIC LOCATION AND ACCESS | |
| Materials specified | Amazon.com |
| Uniform Resource Identifier | <a href="http://www.amazon.com/exec/obidos/ASIN/0132729156/chopaconline-20">http://www.amazon.com/exec/obidos/ASIN/0132729156/chopaconline-20</a> |
| 856 40 - ELECTRONIC LOCATION AND ACCESS | |
| Materials specified | Amazon customer reviews |
| Uniform Resource Identifier | <a href="http://www.chopac.org/cgi-bin/tools/azrev.pl?q=0132729156">http://www.chopac.org/cgi-bin/tools/azrev.pl?q=0132729156</a> |
| 942 ## - ADDED ENTRY ELEMENTS (KOHA) | |
| Institution code [OBSOLETE] | NBS |
| Koha item type | Book |
| Call number prefix | 003 TAH |
| Withdrawn status | Lost status | Damaged status | Not for loan | Permanent Location | Current Location | Shelving location | Date acquired | Total Checkouts | Full call number | Barcode | Date last seen | Price effective from | Koha item type |
|---|---|---|---|---|---|---|---|---|---|---|---|---|---|
| Central Library (CL) | Central Library (CL) | First Floor - Computer Science | 08/28/2013 | 003 TAH | NBS6530 | 08/28/2013 | 08/28/2013 | Book |
